Cómo hacer tu primer trabajo de investigación: Guía para investigadores en educación y ciencias sociales

Guardat en:
Dades bibliogràfiques
Autor principal: Bell, Judith (Autor)
Format: Llibre
Idioma:espanyol
Publicat: Barcelona Gedisa 2002
Edició:1a. ed
Col·lecció:Biblioteca de Educación. Herramientas Universitarias, 9
Matèries:
Etiquetes: Afegir etiqueta
Sense etiquetes, Sigues el primer a etiquetar aquest registre!

MARC

LEADER 00000nam a2200000 a 4500
001 UCH7866
003 CL-VaPUC
008 091126e20020200SP |||||||||||||||||spa|d
020 |a 8474329310 
082 0 4 |a 001  |b BEL  |2 21 
100 0 |a Bell, Judith  |e author  |9 544258 
245 1 0 |a Cómo hacer tu primer trabajo de investigación: Guía para investigadores en educación y ciencias sociales 
250 |a 1a. ed 
300 |a 250 p 
942 |c BK 
945 |d 20091126 00:00:00  |a cmena 
260 |a Barcelona  |b Gedisa  |c 2002 
650 7 |a TRABAJOS DE INVESTIGACION  |2 CL-VaPUC  |9 469747 
650 0 |a Métodos de investigación   |9 262618 
650 7 |a REDACCION DE INFORMES  |2 CL-VaPUC  |9 544259 
650 0 |a Ciencias sociales  |v Investigación  |9 307767 
583 |a last modification  |c 20091126 00:00:00  |k Rodrigo Vera 
490 0 |a Biblioteca de Educación. Herramientas Universitarias, 9 
999 |c 338212  |d 338210 
952 |0 0  |1 0  |4 0  |6 001_000000000000000_BEL_2002  |7 0  |8 C  |9 431096  |a BIBCUR  |b BIBCUR  |d 2019-11-22  |i 4554892  |l 2  |o 001 BEL 2002  |p 4554892  |r 2025-04-22  |s 2025-01-22  |w 2019-11-22  |y BK  |k CAC